Mega Multiple Choice Memory Minefield Quiz Stats

 Plays Quiz Updated Aug 21, 2018

Score 0/120 Timer 12:00
0 Plays Today
Question Answer Wrong Answers
Follow these steps:
R
???
100%
???
0%
???
0%
???
0%
Well done! Now, follow these steps:
R - B
???
76.3%
???
21.2%
???
1.5%
???
0.8%
Level 2
---
???
44.8%
???
27%
???
2.9%
???
1.4%
Excellent! Now, follow these steps:
R - B - R
???
44%
???
0.4%
???
0.3%
???
0.1%
Level 3
---
???
33.3%
???
10.1%
???
0.5%
???
0.1%
Level 3
---
???
32.2%
???
0.3%
???
0.6%
???
0.1%
Keep it up! Now, follow these steps:
R - B - R - P
???
31.4%
???
0.5%
???
0%
???
0.1%
Level 4
---
???
29.1%
???
2.3%
???
0%
???
0.1%
Level 4
---
???
28.2%
???
0%
???
0.1%
???
0.8%
Level 4
---
???
27.7%
???
0.1%
???
0.3%
???
0.1%
Great work! Now, follow these steps:
R - B - R - P - B
???
27.5%
???
0.1%
???
0%
???
0%
Level 5
---
???
26%
???
1.5%
???
0%
???
0%
Level 5
---
???
25.4%
???
0%
???
0%
???
0.5%
Level 5
---
???
24%
???
0%
???
1.4%
???
0%
Level 5
---
???
22.5%
???
0.9%
???
0.6%
???
0.1%
Nicely done! Now, follow these steps:
R - B - R - P - B - G
???
22.2%
???
0.1%
???
0%
???
0%
Level 6
---
???
20.9%
???
0.9%
???
0%
???
0.4%
Level 6
---
???
20.6%
???
0%
???
0%
???
0.3%
Level 6
---
???
20%
???
0%
???
0.5%
???
0%
Level 6
---
???
19.1%
???
0.3%
???
0.6%
???
0%
Level 6
---
???
18.7%
???
0.2%
???
0%
???
0.1%
Your memory is sharp! Now, follow these steps:
R - B - R - P - B - G - P
???
18.5%
???
0%
???
0%
???
0%
Level 7
---
???
17.6%
???
0.5%
???
0%
???
0.4%
Level 7
---
???
17.4%
???
0%
???
0%
???
0.2%
Level 7
---
???
17%
???
0%
???
0.3%
???
0%
Level 7
---
???
16.4%
???
0.1%
???
0.5%
???
0%
Level 7
---
???
16%
???
0.1%
???
0%
???
0.2%
Level 7
---
???
14.2%
???
0.7%
???
1.1%
???
0%
Half-way there! Now, follow these steps:
R - B - R - P - B - G - P - B
???
13.9%
???
0.1%
???
0%
???
0%
Level 8
---
???
13.6%
???
0.2%
???
0%
???
0.1%
Level 8
---
???
13.4%
???
0%
???
0%
???
0.1%
Level 8
---
???
13.3%
???
0%
???
0.1%
???
0%
Level 8
---
???
12.9%
???
0%
???
0.4%
???
0%
Level 8
---
???
12.7%
???
0%
???
0%
???
0.1%
Level 8
---
???
12.3%
???
0.1%
???
0.4%
???
0%
Level 8
---
???
11.5%
???
0.4%
???
0.3%
???
0%
Awesome! Now, follow these steps:
R - B - R - P - B - G - P - B - R
???
11.2%
???
0%
???
0.1%
???
0.1%
Level 9
---
???
11%
???
0.1%
???
0%
???
0.1%
Level 9
---
???
11%
???
0%
???
0%
???
0%
Level 9
---
???
10.9%
???
0%
???
0.1%
???
0%
Level 9
---
???
10.6%
???
0%
???
0.3%
???
0%
Level 9
---
???
10.5%
???
0%
???
0%
???
0.1%
Level 9
---
???
10.3%
???
0%
???
0.2%
???
0%
Level 9
---
???
10%
???
0.2%
???
0%
???
0%
Level 9
---
???
9.6%
???
0%
???
0.2%
???
0.2%
Still in it! Now, follow these steps:
R - B - R - P - B - G - P - B - R - G
???
9.4%
???
0%
???
0%
???
0%
Level 10
---
???
9.3%
???
0.1%
???
0%
???
0.1%
Level 10
---
???
9.2%
???
0%
???
0%
???
0%
Level 10
---
???
9.2%
???
0%
???
0%
???
0%
Level 10
---
???
9%
???
0%
???
0.1%
???
0%
Level 10
---
???
8.9%
???
0.1%
???
0%
???
0%
Level 10
---
???
8.8%
???
0%
???
0.1%
???
0%
Level 10
---
???
8.6%
???
0.1%
???
0%
???
0%
Level 10
---
???
8.4%
???
0%
???
0.2%
???
0%
Level 10
---
???
7.9%
???
0%
???
0.2%
???
0.3%
You just passed level 10! Now, follow these steps:
R - B - R - P - B - G - P - B - R - G - G
???
7.8%
???
0%
???
0%
???
0%
Level 11
---
???
7.6%
???
0%
???
0%
???
0.1%
Level 11
---
???
7.6%
???
0%
???
0%
???
0%
Level 11
---
???
7.6%
???
0%
???
0%
???
0%
Level 11
---
???
7.6%
???
0%
???
0%
???
0%
Level 11
---
???
7.3%
???
0.3%
???
0%
???
0%
Level 11
---
???
7.2%
???
0%
???
0%
???
0%
Level 11
---
???
7.1%
???
0.1%
???
0%
???
0%
Level 11
---
???
7%
???
0%
???
0.1%
???
0%
Level 11
---
???
6.9%
???
0%
???
0%
???
0%
Level 11
---
???
6.9%
???
0%
???
0%
???
0%
Nearly there! Now, follow these steps:
R - B - R - P - B - G - P - B - R - G - G - P
???
6.8%
???
0%
???
0%
???
0%
Level 12
---
???
6.7%
???
0%
???
0%
???
0%
Level 12
---
???
6.7%
???
0%
???
0%
???
0%
Level 12
---
???
6.7%
???
0%
???
0%
???
0%
Level 12
---
???
6.7%
???
0%
???
0%
???
0%
Level 12
---
???
6.4%
???
0.2%
???
0%
???
0%
Level 12
---
???
6.4%
???
0%
???
0%
???
0%
Level 12
---
???
6.3%
???
0%
???
0%
???
0%
Level 12
---
???
6.3%
???
0%
???
0%
???
0%
Level 12
---
???
6.2%
???
0%
???
0%
???
0%
Level 12
---
???
6.2%
???
0%
???
0%
???
0%
Level 12
---
???
6%
???
0.1%
???
0.1%
???
0%
You can do it! Now, follow these steps:
R - B - R - P - B - G - P - B - R - G - G - P - B
???
5.9%
???
0%
???
0%
???
0%
Level 13
---
???
5.9%
???
0%
???
0%
???
0%
Level 13
---
???
5.9%
???
0%
???
0%
???
0%
Level 13
---
???
5.9%
???
0%
???
0%
???
0%
Level 13
---
???
5.8%
???
0%
???
0%
???
0%
Level 13
---
???
5.7%
???
0.2%
???
0%
???
0%
Level 13
---
???
5.6%
???
0%
???
0%
???
0%
Level 13
---
???
5.6%
???
0%
???
0%
???
0%
Level 13
---
???
5.6%
???
0%
???
0%
???
0%
Level 13
---
???
5.6%
???
0%
???
0%
???
0%
Level 13
---
???
5.5%
???
0%
???
0%
???
0%
Level 13
---
???
5.5%
???
0%
???
0%
???
0%
Level 13
---
???
5.3%
???
0.1%
???
0%
???
0%
So close! Now, follow these steps:
R - B - R - P - B - G - P - B - R - G - G - P - B - P
???
5.3%
???
0%
???
0%
???
0%
Level 14
---
???
5.3%
???
0%
???
0%
???
0%
Level 14
---
???
5.3%
???
0%
???
0%
???
0%
Level 14
---
???
5.2%
???
0%
???
0%
???
0%
Level 14
---
???
5.2%
???
0%
???
0%
???
0%
Level 14
---
???
5.1%
???
0.1%
???
0%
???
0%
Level 14
---
???
5.1%
???
0%
???
0%
???
0%
Level 14
---
???
5.1%
???
0%
???
0%
???
0%
Level 14
---
???
5.1%
???
0%
???
0%
???
0%
Level 14
---
???
5.1%
???
0%
???
0%
???
0%
Level 14
---
???
5%
???
0%
???
0%
???
0%
Level 14
---
???
5%
???
0%
???
0%
???
0%
Level 14
---
???
5%
???
0%
???
0%
???
0%
Level 14
---
???
4.8%
???
0.1%
???
0%
???
0.1%
Final level! Now, follow these steps:
R - B - R - P - B - G - P - B - R - G - G - P - B - P - R
???
4.7%
???
0%
???
0%
???
0%
Level 15
---
???
4.7%
???
0%
???
0%
???
0%
Level 15
---
???
4.7%
???
0%
???
0%
???
0%
Level 15
---
???
4.7%
???
0%
???
0%
???
0%
Level 15
---
???
4.7%
???
0%
???
0%
???
0%
Level 15
---
???
4.6%
???
0.1%
???
0%
???
0%
Level 15
---
???
4.6%
???
0%
???
0%
???
0%
Level 15
---
???
4.5%
???
0%
???
0%
???
0%
Level 15
---
???
4.5%
???
0%
???
0%
???
0%
Level 15
---
???
4.5%
???
0%
???
0%
???
0%
Level 15
---
???
4.5%
???
0%
???
0%
???
0%
Level 15
---
???
4.5%
???
0%
???
0%
???
0%
Level 15
---
???
4.4%
???
0%
???
0%
???
0%
Level 15
---
???
4.4%
???
0.1%
???
0%
???
0%
Level 15
---
???
4.3%
???
0%
???
0.1%
???
0%

You're not logged in!

Compare scores with friends on all Sporcle quizzes.
OR
Log In

Sporcle TV

Today on Sporcle TV


Watch our educational content, quiz creation guides, and fun videos on Sporcle TV.

Show Comments

Extras

Top Quizzes Today


Score Distribution

Your Account Isn't Verified!

In order to create a playlist on Sporcle, you need to verify the email address you used during registration. Go to your Sporcle Settings to finish the process.

Report this User

Report this user for behavior that violates our Community Guidelines.

Details: